LEADER 00847nam0 22003013i 450 001 996427346803316 005 20210715101223.0 100 $a19990416d1977----||||0itac50 ba 101 0 $aita 102 $aIT 105 $ay 001yy 200 1 $aDiario del Che in Bolivia$fprefazione di Fidel Castro 205 $a5. ed. fuori commercio 210 1 $aMilano$cFeltrinelli$d1977 215 $a222 p.$d18 cm 225 2 $aUniversale economica 410 0$12001$aUniversale economica 500 10$aDiario del Che en Bolivia$91829180 676 $a984.052 700 1$aGUEVARA,$bErnesto$0254346 702 1$aCASTRO,$bFidel 801 0$aIT$bcba$gREICAT 912 $a996427346803316 951 $aVI.7.B. 1416$b05782 ISLA$cVI.7.$d542524 959 $aBK 969 $aISLA 996 $aDiario del Che en Bolivia$91829180 997 $aUNISA LEADER 03620nam 22006135 450 001 9910254821003321 005 20251202161940.0 010 $a3-319-56532-X 024 7 $a10.1007/978-3-319-56532-3 035 $a(CKB)3710000001364113 035 $a(DE-He213)978-3-319-56532-3 035 $a(MiAaPQ)EBC4855506 035 $a(PPN)201472228 035 $a(EXLCZ)993710000001364113 100 $a20170504d2017 u| 0 101 0 $aeng 135 $aurnn|008mamaa 181 $ctxt$2rdacontent 182 $cc$2rdamedia 183 $acr$2rdacarrier 200 10$aBuilding an Intuitive Multimodal Interface for a Smart Home $eHunting the SNARK /$fby John N.A Brown, Anton Josef Fercher, Gerhard Leitner 205 $a1st ed. 2017. 210 1$aCham :$cSpringer International Publishing :$cImprint: Springer,$d2017. 215 $a1 online resource (XIII, 78 p. 22 illus.) 225 1 $aSpringerBriefs in Human-Computer Interaction,$x2520-1689 311 08$a3-319-56531-1 320 $aIncludes bibliographical references at the end of each chapters. 330 $aThis book describes an innovative approach to the interaction between humans and a smart environment; an attempt to get a smart home to understand intuitive, multi-modal, human-centred communication. State of the art smart homes, like other ?smart? technology, tend to demand that the human user must adapt herself to the needs of the system. The hunt for a truly user-centred, truly intuitive system has long proven to be beyond the grasp of current technology. When humans speak with one another, we are multimodal. Our speech is supplemented with gestures, which serve as a parallel stream of information, reinforcing the meaning of our words. Drawing on well-established protocols in engineering and psychology, and with no small amount of inspiration from a particular nonsense poem, we have successfully concluded that hunt. This book describes the efforts, undertaken over several years, to design, implement, and test a model of interaction that allows untrained individuals to intuitively control a complex series of networked and embedded systems. The theoretical concepts are supported by a series of experimental studies, showing the advantages of the novel approach, and pointing towards future work that would facilitate the deployment of this concept in the real world. 410 0$aSpringerBriefs in Human-Computer Interaction,$x2520-1689 606 $aUser interfaces (Computer systems) 606 $aHuman-computer interaction 606 $aElectronic digital computers$xEvaluation 606 $aHuman-machine systems 606 $aUser Interfaces and Human Computer Interaction 606 $aSystem Performance and Evaluation 606 $aInteraction Design 615 0$aUser interfaces (Computer systems) 615 0$aHuman-computer interaction. 615 0$aElectronic digital computers$xEvaluation. 615 0$aHuman-machine systems. 615 14$aUser Interfaces and Human Computer Interaction. 615 24$aSystem Performance and Evaluation. 615 24$aInteraction Design. 676 $a005.438 700 $aBrown$b John N.A$4aut$4http://id.loc.gov/vocabulary/relators/aut$0959437 702 $aFercher$b Anton Josef$4aut$4http://id.loc.gov/vocabulary/relators/aut 702 $aLeitner$b Gerhard$4aut$4http://id.loc.gov/vocabulary/relators/aut 801 0$bMiAaPQ 801 1$bMiAaPQ 801 2$bMiAaPQ 906 $aBOOK 912 $a9910254821003321 996 $aBuilding an Intuitive Multimodal Interface for a Smart Home$92505996 997 $aUNINA